| 000 | 004920000a22002050004500 | ||
|---|---|---|---|
| 001 | 24 | ||
| 003 | CO-MdFUSB | ||
| 005 | 20170615163431.0 | ||
| 008 | 170615b xxu||||| |||| 00| 0 eng d | ||
| 020 | _a958-04-1425-4 | ||
| 040 | _cCO-MdBIC | ||
| 082 | 0 | 4 | _a863C B862ce |
| 100 | 1 | _akasza, Keiko | |
| 245 | 1 | 0 | _aCuando el elefante camina / Keiko Kasza |
| 260 | _aBogotá : Norma | ||
| 300 | _a[ 32 P.] | ||
| 500 | _ahttp://www.norma.com | ||
| 650 | 1 | 4 | _aLiteratura infantil |
| 942 | _cLGB | ||
| 999 |
_c47284 _d47284 |
||